Consulta vinculante. Nueva reglamentación (Registro nro. 15827)

Detalles MARC
000 -LEADER
fixed length control field 00317 a2200109 4500
001 - CONTROL NUMBER
control field ART_34378
005 - DATE AND TIME OF LATEST TRANSACTION
control field 20260410161708.0
008 - FIXED-LENGTH DATA ELEMENTS--GENERAL INFORMATION
fixed length control field 260409a
100 1# - MAIN ENTRY--PERSONAL NAME
Personal name Dreiling, Paola E.
245 10 - TITLE STATEMENT
Title Consulta vinculante. Nueva reglamentación
773 0# - HOST ITEM ENTRY
Title Revista Impuestos
Related parts - Nº 21 (nov. 2005)
Record control number REV639

No hay ítems disponibles.